<?xml version="1.0" encoding="UTF-8"?>
<record
    xmlns:xsi="http://www.w3.org/2001/XMLSchema-instance"
    xsi:schemaLocation="http://www.loc.gov/MARC21/slim http://www.loc.gov/standards/marcxml/schema/MARC21slim.xsd"
    xmlns="http://www.loc.gov/MARC21/slim">

  <leader>01433nam a2200289 i 4500</leader>
  <controlfield tag="001">bg</controlfield>
  <datafield tag="245" ind1="0" ind2="0">
    <subfield code="a">Bezpiecze&#x144;stwo maszyn [Dokument elektroniczny] :</subfield>
    <subfield code="b">dyrektywa 98/37/WE /</subfield>
    <subfield code="c">przygot. plik&#xF3;w PDF Jaros&#x142;aw Dobosz, Stanis&#x142;aw Roma&#x144;ski ; Polski Komitet Normalizacyjny.</subfield>
  </datafield>
  <datafield tag="250" ind1=" " ind2=" ">
    <subfield code="a">wg stanu bazy CEN na dzie&#x144; 30 marca 2001 r.</subfield>
  </datafield>
  <datafield tag="260" ind1=" " ind2=" ">
    <subfield code="a">Warszawa :</subfield>
    <subfield code="b">Biuro PKN,</subfield>
    <subfield code="c">cop. 2001.</subfield>
  </datafield>
  <datafield tag="300" ind1=" " ind2=" ">
    <subfield code="a">1 dysk optyczny (CD-ROM).</subfield>
  </datafield>
  <datafield tag="490" ind1="1" ind2=" ">
    <subfield code="a">Polskie normy zharmonizowane z dyrektywami nowego podej&#x15B;cia Wsp&#xF3;lnot Europejskich</subfield>
  </datafield>
  <datafield tag="500" ind1=" " ind2=" ">
    <subfield code="a">Wymagania systemowe: komputer zgodny z IBM PC z procesorem 486 lub Pentium; 10 MB RAM(zalecane 16 MB)-dla Windows 95 i 98, 16 MB RAM (zalecane 24 MB)-dla Windows NT, min. 10 MB wolnego miejsca na dysku twardym ; Windows 95, Windows 98 lub Windows 98 lub Windows NT 4.0 z Service Pack 3 lub p&#xF3;&#x17A;n.; program Acrobat Reader 4.05.</subfield>
  </datafield>
  <datafield tag="500" ind1=" " ind2=" ">
    <subfield code="a">Dysk tylko do odczytu.</subfield>
  </datafield>
  <datafield tag="650" ind1=" " ind2="9">
    <subfield code="a">Maszyny</subfield>
    <subfield code="x">bezpiecze&#x144;stwo</subfield>
    <subfield code="x">normalizacja</subfield>
    <subfield code="z">Polska</subfield>
  </datafield>
  <datafield tag="700" ind1="1" ind2=" ">
    <subfield code="a">DOBOSZ, Jaros&#x142;aw.</subfield>
    <subfield code="e">Oprac.</subfield>
  </datafield>
  <datafield tag="700" ind1="1" ind2=" ">
    <subfield code="a">ROMA&#x143;SKI, Stanis&#x142;aw.</subfield>
    <subfield code="e">Oprac.</subfield>
  </datafield>
  <datafield tag="710" ind1=" " ind2="0">
    <subfield code="a">Polski Komitet Normalizacyjny</subfield>
  </datafield>
  <datafield tag="830" ind1=" " ind2=" ">
    <subfield code="a">Polskie normy zharmonizowane z dyrektywami nowego podej&#x15B;cia Wsp&#xF3;lnot Europejskich</subfield>
  </datafield>
  <datafield tag="020" ind1=" " ind2=" ">
    <subfield code="a">8386629983</subfield>
  </datafield>
  <datafield tag="040" ind1=" " ind2=" ">
    <subfield code="c">BPK</subfield>
  </datafield>
  <datafield tag="041" ind1="0" ind2=" ">
    <subfield code="a">pl</subfield>
  </datafield>
  <datafield tag="080" ind1=" " ind2=" ">
    <subfield code="a">621:006.3/.8</subfield>
  </datafield>
  <datafield tag="920" ind1=" " ind2=" ">
    <subfield code="a">83-86629-98-3</subfield>
  </datafield>
  <datafield tag="942" ind1=" " ind2=" ">
    <subfield code="c">CD</subfield>
  </datafield>
  <controlfield tag="008">      s        pl     f     |000 0 pol  </controlfield>
  <datafield tag="999" ind1=" " ind2=" ">
    <subfield code="c">24017</subfield>
    <subfield code="d">24017</subfield>
  </datafield>
  <datafield tag="856" ind1=" " ind2=" ">
    <subfield code="u">http://koha.tu.koszalin.pl/cgi-bin/koha/opac-detail.pl?biblionumber=24017</subfield>
    <subfield code="y">Katalog online BPK</subfield>
  </datafield>
  <datafield tag="952" ind1=" " ind2=" ">
    <subfield code="0">0</subfield>
    <subfield code="1">0</subfield>
    <subfield code="4">0</subfield>
    <subfield code="7">1</subfield>
    <subfield code="a">BPK</subfield>
    <subfield code="b">BPK</subfield>
    <subfield code="c">c</subfield>
    <subfield code="o">CD 1127</subfield>
    <subfield code="p">01672848</subfield>
    <subfield code="t">621 Obm</subfield>
    <subfield code="y">CD</subfield>
  </datafield>
</record>
